| 000 | nam a22 7a 4500 | ||
|---|---|---|---|
| 999 |
_c126540 _d126540 |
||
| 008 | 170725b xxu||||| |||| 00| 0 eng d | ||
| 050 | _aDC203.K65 1973 | ||
| 100 |
_aKomroff,Manuel _933502 |
||
| 245 |
_aNapoleon _c/ Manuel Komroff |
||
| 260 |
_aFolkstone _bBailey Brothers and Swinfen Ltd. _c1973 |
||
| 300 |
_a189p. ; _c22cm. |
||
| 650 |
_aNapoleon 1 _933503 |
||
| 942 |
_2lcc _cMONOGRAPH |
||